00652nam a2200193 a 450000100100000000500170001000800410002702000180006804000250008608200130011110000290012424500400015326000750019330000210026849000170028983000240030695201110033099900170044100004320920201002040726.0140225s2014 nyu 000 0 spa d a9780062071248 aDO-SdBNPbspacBNPHU axxxbxxx1 aArmstrong, Kelley97079810aSea of shadows /cKelley Armstrong. aNew York, NY :bHarper, an imprint of HarperCollins Publishers,c2014. a392 p. ;c21 cm.1 aHarperv4/14 0aHarpern4/14970799 001050718MOaGRbGRcCTd2014-02-25iLF1l0oxxx xxxp43209-10r2020-06-25w2020-06-25y1ZNo se presta c42698d42698